The John G. Lake sermons. (Record no. 14189)

000 -LEADER
fixed length control field 00768nam a2200205 a 4500
001 - CONTROL NUMBER
control field :::00012014$&:&@@
003 - CONTROL NUMBER IDENTIFIER
control field OkBaRHE
005 - DATE AND TIME OF LATEST TRANSACTION
control field 20000607103415.0
008 - FIXED-LENGTH DATA ELEMENTS--GENERAL INFORMATION
fixed length control field s1949 j 000 0 eng u
040 ## - CATALOGING SOURCE
Transcribing agency
100 1# - MAIN ENTRY--PERSONAL NAME
Personal name Lindsay, Gordon.
245 14 - TITLE STATEMENT
Title The John G. Lake sermons.
260 ## - PUBLICATION, DISTRIBUTION, ETC. (IMPRINT)
Place of publication, distribution, etc Dallas, TX., :
Name of publisher, distributor, etc Christ For The Nations, Inc.
Date of publication, distribution, etc c1949
300 ## - PHYSICAL DESCRIPTION
Extent 138 p. ;
Dimensions 21 cm.
650 ## - SUBJECT ADDED ENTRY--TOPICAL TERM
Topical term or geographic name as entry element Healing Authority
942 ## - ADDED ENTRY ELEMENTS (KOHA)
Source of classification or shelving scheme
Koha item type Books
Copies
Shelving location Date checked out Date acquired Withdrawn status Total Checkouts Lost status Date last seen Not for loan Price effective from Barcode Full call number Current Location Source of classification or shelving scheme Damaged status Permanent Location Koha item type Copy number
General Stacks 2010-04-14   2010-04-14 2010-04-1416646BX 8764 .Z6L3J6   RHEMA Bible Training CollegeBooks2
General Stacks2014-04-142010-04-14 2 2014-05-02 2010-04-1412014BX 8764 .Z6L3J6RHEMA Bible Training College  RHEMA Bible Training CollegeBooks1
General Stacks2016-04-282010-04-14 1 2016-05-10 2010-04-1416647BX 8764 .Z6L3J6RHEMA Bible Training College  RHEMA Bible Training CollegeBooks3